000 01132nam a2200301 i 4500
001 bg
003 KOSZ 005
005 20200630132821.0
008 071104s1966 pl a f 000 0 pol
015 _aPB 1966/6954
040 _aWA N
_cKOSZ 005/RW
_dKOSZ 005/RW
041 1 _apol
_hrus
080 _a517
100 1 _aLûsternik, Lazar' Aronovič
_d(1899-1981).
245 1 0 _aObliczanie funkcji elementarnych /
_cL. A. Lusternik, O. A. Czerwonienkis, A. R. Janpolski ; tł. B. Ławruk.
246 1 _iTyt. oryg.:
_aMatematičeskij analiz :
_bvyčislene èlementarnyh funkcij.
250 _aWyd. 2.
260 _aWarszawa :
_bPaństwowe Wydawnictwo Naukowe,
_c1966.
300 _a225, [2] s. :
_bil. ;
_c23 cm.
380 _aKsiążki.
504 _aBibliogr. s. [219]-225.
700 1 _aČervonenkis, O. A.
700 1 _aÂnpol'skij, Avraam Ruvimovič
_d(1905-1978)
700 1 _aŁawruk, Bohdan.
_eTłumaczenie
710 2 _aPaństwowe Wydawnictwo Naukowe
_4pbl.
856 _uhttp://koha.tu.koszalin.pl/cgi-bin/koha/opac-detail.pl?biblionumber=10872
_yKatalog online BPK
942 _2UKD
_cKS
999 _c10872
_d10872